Карта Ставропольского уезда Симбирской губернии

Доступно только в Электронных читальных залах Найти на картеНа карте
RUSMARC
00003681nmc2a2200000 x 450
001f98fcebd-bb89-4d25-86f1-4075fbc9f555
00520151218172200.0
100##$a20150929l17981800k l0rusy0189 ca
1010#$arus
102##$aRU
2001#$aКарта Ставропольского уезда Симбирской губернии
$j[1798-1800] гг.
251##$cДело
300##$aХудожественные миниатюры
801#0$aRU
$bРГИА
$c20150929
$gRCR
801#1$aRU
$bГлавНИВЦ
$c20150929
$2rusmarc
801#2$aRU
$bПБ им. Б.Н. Ельцина
$c20151218
$gRCR
$2rusmarc
850##$aРГИА
852##$aРГИА
$eФедеральное казенное учреждение "Российский государственный исторический архив" (РГИА)
$j192
937##$hРГИА
$d12154018
$aASBIBLIO_SCAN
462#0$1001dcd89104-8d20-40fa-811e-bb92fb080979
$12001
$aКарты, планы и чертежи Петербургского сенатского архива за 1732-1917 гг.
$1251
$cОпись
$1852
$j1
461#0$1001ac81bd0a-ee7e-4d64-837e-48e7e073b90f
$12001
$aКарты, планы и чертежи Петербургского Сенатского архива (коллекция)
$1251
$cФонд
$1852
$j1399
215##$a1 карта
$d66х101 см
$cкарт.; герб.; ил.
371##$aДокумент не является опубликованным и широко распространяемым
1222#$ad
105##$abia#
330##$aТопографическая карта Ставропольского уезда
035##$af98fcebd-bb89-4d25-86f1-4075fbc9f555
Формат отображения